书目信息 |
| 题名: |
俄罗斯函数问题集
|
|
| 作者: | 谢彦麟 编译 | |
| 分册: | ||
| 出版信息: | 哈尔滨 哈尔滨工业大学出版社 2011.03 |
|
| 页数: | 287页 | |
| 开本: | 25cm | |
| 丛书名: | 俄罗斯数学精品译丛 | |
| 单 册: | ||
| 中图分类: | O174 | |
| 科图分类: | ||
| 主题词: | 函数--han shu--研究 | |
| 电子资源: | ||
| ISBN: | 978-7-5603-3156-0 | |
| 000 | 00981nam 2200265 450 | |
| 001 | 012011661374 | |
| 005 | 20110905163940.17 | |
| 010 | @a978-7-5603-3156-0@dCNY38.00 | |
| 100 | @a20110730d2011 em y0chiy0120 ea | |
| 101 | 0 | @achi |
| 102 | @aCN@b230000 | |
| 105 | @ay z 000yy | |
| 106 | @ar | |
| 200 | 1 | @a俄罗斯函数问题集@Ae luo si han shu wen ti ji@d= Function problems collection in russia@f谢彦麟编译@Fxie yan lin bian yi@zeng |
| 210 | @a哈尔滨@c哈尔滨工业大学出版社@d2011.03 | |
| 215 | @a287页@d25cm | |
| 225 | 2 | @a俄罗斯数学精品译丛@Ae luo si shu xue jing pin yi cong |
| 330 | @a本书内容包括:带参数的最简单方程及不等式;带绝对值得最简单问题;分解因式;利用对称解的问题;应用几个不等世界的问题等。 | |
| 410 | 0 | @12001 @a俄罗斯数学精品译丛 |
| 510 | 1 | @aFunction problems collection in russia@zeng |
| 606 | 0 | @a函数@Ahan shu@x研究 |
| 690 | @aO174@v4 | |
| 701 | 0 | @a谢彦麟@Axie yan lin@4编译 |
| 801 | 0 | @aCN@bQSSK@c20110905 |
| 905 | @b793961-63@dO174@eX483@f3 | |
| 俄罗斯函数问题集= Function problems collection in russia/谢彦麟编译.-哈尔滨:哈尔滨工业大学出版社,2011.03 |
| 287页;25cm.-(俄罗斯数学精品译丛) |
| ISBN 978-7-5603-3156-0:CNY38.00 |
| 本书内容包括:带参数的最简单方程及不等式;带绝对值得最简单问题;分解因式;利用对称解的问题;应用几个不等世界的问题等。 |
| ● |
| 相关链接 |
|
|
|
正题名:俄罗斯函数问题集
索取号:O174/X483
 
预约/预借
| 序号 | 登录号 | 条形码 | 馆藏地/架位号 | 状态 | 备注 |
| 1 | 793961 | 207939613 | 自科库401/401自科库 44排4列3层/ [索取号:O174/X483] | 在馆 | |
| 2 | 793962 | 207939622 | 自科库401/401自科库 44排4列3层/ [索取号:O174/X483] | 在馆 | |
| 3 | 793963 | 207939631 | 自科库401/401自科库 44排4列3层/ [索取号:O174/X483] | 在馆 |